Datum a čas kvízu
28.5
Celkem bodů
Celkový počet nahraných bodů na tomto kvízu bez doplňovacích otázek.
7.
Pořadí na kvízu
Konečné umístění týmu na tomto kvízu.
Zaznamenané odpovědi
| # | Otázka | Odpověď | Body | Výsledky |
|---|---|---|---|---|
| 1. | Sociální sítě minulý týden obl... | Frýdek-Mýstek | 1 | |
| 2. | Donald Trump se kvůli obvinění... | Georgia | 0 | |
| 3. | Známá česká influencerka Mysli... | Derian | 0 | |
| 4. | Co nedávno nedokázalo Rusko –... | Indie | 1 | |
| 5. | Na atletickém mistrovství svět... | srážka vozíků převážejících atlety | 0 | |
| 6. | Jak se jmenoval vůdce chilské... | Augusto Pinochet | 0 | |
| 7. | V dubnu 1961 došlo za podpory... | Zátoka sviní | 1 | |
| 8. | Z obav před atentátem nechal g... | Myanmar | 1 | |
| 9. | Přiřaď diktátora k zemi, kde p... | 1A 2D 3C 4B | 0 | |
| 10. | Který herec hrál hlavní roli v... | Sacha Baron Cohen | 1 |